000 00321nam a2200145Ia 4500
008 100415s9999 xx 000 0 und d
082 _b9094
_a595.796
100 _aHuxley Julian
245 _aAnts
260 _aLONDON
_c1934
_bDENNIS DOBSON LTD
365 _b0
630 _aAnts
730 _aAnts
942 _cBOOK
999 _c592033
_d592030